U.S. City to State - Click Quiz - Statistics

General Stats
  • This quiz has been taken 207 times
  • The average score is 12 of 15
Answer Stats
Hint Answer % Correct
Orlando Florida
96%
El Paso Texas
92%
Reno Nevada
89%
Mobile Alabama
88%
Modesto California
85%
Buffalo New York
84%
Spokane Washington
82%
Worcester Massachusetts
78%
Grand Rapids Michigan
75%
Durham North Carolina
74%
Chattanooga Tennessee
73%
Duluth Minnesota
72%
Toledo Ohio
71%
Roanoke Virginia
66%
Fort Collins Colorado
64%
No matching quizzes found
Score Distribution
Percent of People with Each Score
Percentile by Number Answered
Your Score History
You have not taken this quiz